00378nam a2200121Ia 4500008004100000082002000041100002700061245003200088260004400120300001000164630001800174650006400192211109s9999||||xx |||||||||||||| ||und|| a894.8124bRAG-S aRaghavan Pillai, Dr: K 0aSameepanangal Samanvayangal bSahithya Pravarthaka...aKottayamc1986 a279p. xGENERAL STACK aMALAYALAM vMALAYALAM LITERATURExMALAYALAM ESSAYSMalayalam